Nový klient? Děkujeme, prověříme!

Preverovanie nových klientov pri uzatváraní nových poistných zmlúv. Výsledný efekt preventívnych zásahov spočíva v eliminácií podvodného plnenia. Úloha informačných technológií, správa kľúčových dát a vyhodnotenie rôznych parametrov klienta, zmlúv a udalostí.

Salvato in:
Dettagli Bibliografici
Autore principale: Kopecký, Jan
Natura: Capitolo di libro
Lingua:ceco
Soggetti:
Tags: Aggiungi Tag
Nessun Tag, puoi essere il primo ad aggiungerne!!

MARC

LEADER 00000naa a2200000 4500
001 0146294
005 20231129094341.5
041 0 |a cze 
044 |a CZ 
245 1 0 |a Nový klient? Děkujeme, prověříme!  |c Jan Kopecký 
520 |a Preverovanie nových klientov pri uzatváraní nových poistných zmlúv. Výsledný efekt preventívnych zásahov spočíva v eliminácií podvodného plnenia. Úloha informačných technológií, správa kľúčových dát a vyhodnotenie rôznych parametrov klienta, zmlúv a udalostí. 
610 2 0 |a technológie informačné 
610 2 0 |a technológie komunikačné 
610 2 0 |a systémy informačné 
610 2 0 |a dáta 
610 2 0 |a počítače 
610 2 0 |a bezpečnosť informačná 
610 2 0 |a bankopoisťovne 
610 2 0 |a zmluvy 
610 2 0 |a podvody 
100 1 |a Kopecký, Jan